[Event "Muensterland Verbandsliga Gr1 2223"]
[Site "Germany"]
[Date "2022.11.12"]
[Round "3.6"]
[White "Huil, Herbert"]
[Black "Hussein, Zaman"]
[Result "0-1"]
[WhiteElo "1411"]
[BlackElo "1674"]
[PlyCount "110"]
[EventDate "2022.09.10"]
[EventType "team-tourn"]
[EventRounds "5"]
[EventCountry "GER"]
[SourceTitle "EXT 2024"]
[Source "ChessBase"]
[SourceDate "2023.10.10"]
[SourceVersion "1"]
[SourceVersionDate "2023.10.10"]
[SourceQuality "1"]
[WhiteTeam "Ibbenbueren"]
[BlackTeam "Emsdetten Rochade II"]
[WhiteTeamCountry "GER"]
[BlackTeamCountry "GER"]

1. Nf3 d5 2. d4 Bf5 3. c4 e6 4. e3 Nf6 5. Nc3 c6 6. Be2 Be7 7. 0-0 0-0 8. Nh4 Bg4 9. Bxg4 Nxg4 10. Qxg4 Bxh4 11. cxd5 exd5 12. b3 Bf6 13. Bb2 g6 14. Rad1 Bg7 15. e4 dxe4 16. Qxe4 Re8 17. Qd3 Na6 18. g3 Nb4 19. Qd2 Nd5 20. Nxd5 Qxd5 21. Rfe1 Rxe1+ 22. Rxe1 Rd8 23. Rd1 c5 24. Qa5 Bxd4 25. Bxd4 cxd4 26. Qxd5 Rxd5 27. f4 Kf8 28. Kf2 Ke7 29. Kf3 f5 30. Ke2 Kd6 31. b4 Kc6 32. Kd3 Kb5 33. a3 Ka4 34. Rc1 Rd8 35. Rc5 b6 36. Re5 Kxa3 37. b5 Kb4 38. h3 Ka5 39. g4 fxg4 40. hxg4 a6 41. bxa6+ Kxa6 42. f5 gxf5 43. gxf5 b5 44. f6 Rf8 45. Re6+ Ka5 46. Kxd4 b4 47. Kc4 Rc8+ 48. Kd5 b3 49. Re7 b2 50. f7 b1Q 51. f8Q Qd3+ 52. Ke6 Qe4+ 53. Kf7 Rxf8+ 54. Kxf8 Qxe7+ 55. Kxe7 h5 0-1

[Event "Muensterland Verbandsklasse 1920"]
[Site "Germany"]
[Date "2019.10.05"]
[Round "2.3"]
[White "Fuhrmann, Andreas"]
[Black "Hussein, Zaman"]
[Result "0-1"]
[WhiteElo "1651"]
[BlackElo "1664"]
[PlyCount "104"]
[EventDate "2019.09.14"]
[EventType "team-tourn"]
[EventRounds "7"]
[EventCountry "GER"]
[SourceTitle "EXT 2023"]
[Source "ChessBase"]
[SourceDate "2022.10.05"]
[SourceVersion "1"]
[SourceVersionDate "2022.10.05"]
[SourceQuality "1"]
[WhiteTeam "Emsdetten Rochade III"]
[BlackTeam "Duelmen II"]
[WhiteTeamCountry "GER"]
[BlackTeamCountry "GER"]

1. Nf3 d5 2. c4 Nf6 3. g3 e6 4. b3 dxc4 5. bxc4 b6 6. Bg2 Bb7 7. 0-0 Be7 8. Bb2 0-0 9. e3 c5 10. Nc3 Nc6 11. Qe2 Na5 12. d3 Ne8 13. Rfd1 Nd6 14. Rab1 Bf6 15. Ne1 Bxg2 16. Kxg2 Qe7 17. f4 Rad8 18. Nf3 Nf5 19. Kg1 Nc6 20. Ne4 Bxb2 21. Rxb2 Rd7 22. Ne5 Nxe5 23. fxe5 Rfd8 24. Rbd2 Kh8 25. Rf1 h6 26. Rf3 Qf8 27. Qf1 Qe7 28. Nd6 Nxd6 29. exd6 Rxd6 30. Rxf7 Qg5 31. Rf8+ Kh7 32. Rxd8 Qxe3+ 33. Qf2 Qxf2+ 34. Kxf2 Rxd8 35. Ke3 Kg8 36. Ke4 Kf7 37. Rf2+ Ke7 38. h4 g6 39. a3 h5 40. Rf3 Rf8 41. Re3 Kd6 42. d4 cxd4 43. Kxd4 Rf1 44. Rd3 e5+ 45. Ke4+ Ke6 46. Re3 Rd1 47. Rc3 Rd4+ 48. Ke3 Kd6 49. Rd3 Kc5 50. Rxd4 exd4+ 51. Kd3 a6 52. a4 a5 0-1

[Event "Muensterland Verbandsliga 1819"]
[Site "Germany"]
[Date "2018.11.24"]
[Round "4.8"]
[White "Frieske, Hilmar"]
[Black "Hussein, Zaman"]
[Result "0-1"]
[WhiteElo "1709"]
[BlackElo "1612"]
[PlyCount "58"]
[EventDate "2018.09.01"]
[EventType "team-tourn"]
[EventRounds "9"]
[EventCountry "GER"]
[SourceTitle "EXT 2020"]
[Source "ChessBase"]
[SourceDate "2019.10.17"]
[SourceVersion "1"]
[SourceVersionDate "2019.10.17"]
[SourceQuality "1"]
[WhiteTeam "Gescher"]
[BlackTeam "Duelmen"]
[WhiteTeamCountry "GER"]
[BlackTeamCountry "GER"]

1. e4 c5 2. Nf3 Nc6 3. d4 cxd4 4. Nxd4 d6 5. Nc3 Nf6 6. Bc4 a6 7. Nxc6 bxc6 8. e5 Nd7 9. e6 fxe6 10. Bxe6 Nf6 11. Qe2 Bxe6 12. Qxe6 Qd7 13. Qb3 d5 14. 0-0 e6 15. Na4 Qc7 16. Re1 Bd6 17. Qh3 e5 18. Bg5 0-0 19. Nc3 e4 20. Rad1 Rae8 21. Ne2 Qb6 22. Nd4 Bc5 23. Be3 Bxd4 24. Bxd4 c5 25. Bxf6 Rxf6 26. Rxd5 c4 27. Qd7 Rfe6 28. a4 e3 29. fxe3 Rxe3 0-1